أدوات تحديد الإحتياجات التدريبية / (رقم التسجيلة. 35387)
[ عرض عادي ]
| 000 -LEADER | |
|---|---|
| fixed length control field | 00646nam a22002057a 4500 |
| 005 - DATE AND TIME OF LATEST TRANSACTION | |
| control field | 20251108165935.0 |
| 008 - FIXED-LENGTH DATA ELEMENTS--GENERAL INFORMATION | |
| fixed length control field | 250721s2000 xx 000 0 ara d |
| 082 14 - DEWEY DECIMAL CLASSIFICATION NUMBER | |
| Classification number | 351.15/حسن |
| 100 1# - MAIN ENTRY--PERSONAL NAME | |
| Personal name | حسنين، حسين محمد |
| 245 10 - TITLE STATEMENT | |
| Title | أدوات تحديد الإحتياجات التدريبية / |
| 246 11 - VARYING FORM OF TITLE | |
| Title proper/short title | tools for trining needs asssessment |
| 264 1# - PRODUCTION, PUBLICATION, DISTRIBUTION, MANUFACTURE, AND COPYRIGHT NOTICE | |
| Place of production, publication, distribution, manufacture | عمان : |
| Date of production, publication, distribution, manufacture, or copyright notice | 2000. |
| 300 ## - PHYSICAL DESCRIPTION | |
| Extent | 230ص. |
| 490 0# - SERIES STATEMENT | |
| Series statement | سلسلة كتب المدرب الفعال ؛4 |
| 650 17 - SUBJECT ADDED ENTRY--TOPICAL TERM | |
| Topical term or geographic name as entry element | تدريب الموظفين الجدد |
| 650 17 - SUBJECT ADDED ENTRY--TOPICAL TERM | |
| Topical term or geographic name as entry element | أساليب التدريب |
| 650 17 - SUBJECT ADDED ENTRY--TOPICAL TERM | |
| Topical term or geographic name as entry element | المدربون |
| 942 ## - ADDED ENTRY ELEMENTS (KOHA) | |
| Source of classification or shelving scheme | Dewey Decimal Classification |
| Koha item type | كتب |
| حالة السحب | حالة الفقدان | مصدر التصنيف | حالة التلف | غير قابل للإعارة | المكتبة الرئيسية | المكتبة الحالية | موقع الرف | تاريخ التزويد | الرقم المتسلسل | Total Checkouts | رقم الإستدعاء | الباركود | تاريخ آخر ظهور | تاريخ الفاتورة | نوع المادة (كوها) |
|---|---|---|---|---|---|---|---|---|---|---|---|---|---|---|---|
| Dewey Decimal Classification | مكتبة أم قصير والمقابلين العامة | مكتبة أم قصير والمقابلين العامة | الإعارة | 03/08/2014 | 451408 | 351.15/حسن | PLD00338151 | 28/07/2025 | 03/08/2014 | كتب | |||||
| Dewey Decimal Classification | مكتبة النصر العامة | مكتبة النصر العامة | الإعارة | 04/05/2015 | 451411 | 351.15/حسن | PLD00322435 | 28/07/2025 | 04/05/2015 | كتب | |||||
| Dewey Decimal Classification | مكتبة حمزة العامة | مكتبة حمزة العامة | الإعارة | 10/02/2016 | [45140].. | 351.15/حسن | PLD00372983 | 28/07/2025 | 10/02/2016 | كتب | |||||
| Dewey Decimal Classification | مكتبة صويلح العامة | مكتبة صويلح العامة | الإعارة | 28/04/2019 | 451401 | 351.15/حسن | PLD00451929 | 28/07/2025 | 28/04/2019 | كتب |